00280nam a2200121Ia 4500008004100000100002100041245004000062260001200102260001100114260000900125300000700134650001700141160221s9999 xx 000 0 und d10aRandima,K.A.D.K. aEffects of Antioxidants in Diabetes aColombo bIchemc c2015 a30 aAntioxidants